| 000 | 00585nam a2200217Ia 4500 | ||
|---|---|---|---|
| 003 | OSt | ||
| 005 | 20220925215224.0 | ||
| 006 | a|||||r|||| 00| 0 | ||
| 007 | ta | ||
| 008 | 220923b |||||||| |||| 00| 0 eng d | ||
| 037 | _cGeneral Book | ||
| 040 |
_aRTL _cRTL _beng |
||
| 041 |
_2eng _aeng |
||
| 082 | _aV2:1:N5, K3 | ||
| 100 | _aAziz K K | ||
| 245 | 0 |
_aBritain and muslim India _b A study of British publ |
|
| 260 |
_aLondon _bHeinemann _c1963 |
||
| 650 | _aIndian History | ||
| 942 |
_hV2:1:N5, K3 _cGB _2CC |
||
| 999 |
_c568242 _d568242 |
||